000 00439nam a22001817a 4500
003 NUST - PNEC
005 20170116180950.0
008 150817b xxu||||| |||| 00| 0 eng d
020 _a8174091955
040 _cLIBRARY
082 _a510 GRE
100 _95220
_aGrewal, B.S.
245 _aHigher engineering mathematics
_cB.S. Grewal
250 _a40th ed.
260 _cc.2007
650 _95223
_aMathematics
_xME
942 _2ddc
_cBK
999 _c66402
_d66402